Loading...

The literary thing : history, poetry, and the making of a modern culture sphere /

Bibliografiske detaljer
Hovedforfatter: Chaudhuri, Rosinka
Format: Printed Book
Sprog:English
Fag:
LEADER 01201cam a2200313 i 4500
008 140106s2014 ii b 001 0 eng d
010 |a  2014347797 
020 |a 019808966X 
020 |a 9780198089667 
025 |a I-E-2014-347797; 61-92; 28-92 
035 |a (OCoLC)869350191 
035 |a (OCoLC)ocn869350191 
042 |a lccopycat  |a lcode 
043 |a a-ii--- 
082 0 4 |a 891.4409 CHA/L  |2 23 
100 1 |a Chaudhuri, Rosinka, 
245 1 4 |a The literary thing :  |b history, poetry, and the making of a modern culture sphere /  |c Rosinka Chaudhuri. 
300 |a lxvi, 332 pages ;  |c 23 cm 
504 |a Includes bibliographical references and index. 
650 0 |a Bengali literature  |y 19th century  |x History and criticism. 
650 0 |a Bengali poetry  |y 19th century  |x History and criticism. 
650 0 |a Culture in literature. 
650 0 |a History in literature. 
650 0 |a Nationalism in literature. 
906 |a 7  |b cbc  |c copycat  |d 3  |e ncip  |f 20  |g y-gencatlg 
942 |2 ddc  |c BK 
955 |i wd24 2014-06-27 to ASME 
999 |c 190253  |d 190253 
952 |0 0  |1 0  |4 0  |6 891_440900000000000_CHA_L  |7 0  |9 209764  |a ENG  |b ENG  |c ST1  |d 2015-02-20  |i 17735  |l 0  |o 891.4409 CHA/L  |p ENG17735  |r 2015-02-20  |w 2015-02-20  |y BK